Economics for Students. (Record no. 461)
[ view plain ]
| 005 - DATE AND TIME OF LATEST TRANSACTION | |
|---|---|
| control field | 20250626144026.0 |
| 020 ## - INTERNATIONAL STANDARD BOOK NUMBER | |
| International Standard Book Number | 7121-0524-7 |
| 082 ## - DEWEY DECIMAL CLASSIFICATION NUMBER | |
| Classification number | 330.071 HAN |
| 100 ## - MAIN ENTRY--PERSONAL NAME | |
| Author name | HANSON, J. L. |
| 245 ## - TITLE STATEMENT | |
| Title | Economics for Students. |
| 250 ## - EDITION STATEMENT | |
| Edition statement | 5th Ed |
| 260 ## - PUBLICATION, DISTRIBUTION, ETC. | |
| Place of publication, distribution, etc. | London, |
| Name of publisher, distributor, etc. | MacDonald & Evans Ltd, |
| Date of publication, distribution, etc. | 1963. |
| 300 ## - PHYSICAL DESCRIPTION | |
| Extent | xiv, 226p.: figure, table |
| Other physical details | Index |
| Dimensions | 19cm |
| 942 ## - ADDED ENTRY ELEMENTS (KOHA) | |
| Source of classification or shelving scheme | Dewey Decimal Classification |
| Koha item type | Books |
| Date last seen | Total checkouts | Full call number | Barcode | Cost, replacement price | Price effective from | Koha item type | Lost status | Source of classification or shelving scheme | Damaged status | Not for loan | Withdrawn status | Home library | Current library | Shelving location | Date acquired | Cost, normal purchase price |
|---|---|---|---|---|---|---|---|---|---|---|---|---|---|---|---|---|
| 03/12/2025 | 330.071 HAN | 0000001807 | 30000.00 | 03/12/2025 | Books | Dewey Decimal Classification | College of Business Education Main Library | College of Business Education Main Library | General Collection | 03/12/2025 | 10000.00 | |||||
| 03/12/2025 | 330.071 HAN | 0000001808 | 30000.00 | 03/12/2025 | Books | Dewey Decimal Classification | College of Business Education Main Library | College of Business Education Main Library | General Collection | 03/12/2025 | 10000.00 |
